Vista normal
Vista MARC
Entrada Personal Name
Número de registros utilizados en: 1
001 - CONTROL NUMBER
- control field: 11289
003 - CONTROL NUMBER IDENTIFIER
- control field: OSt
005 - DATE AND TIME OF LATEST TRANSACTION
- control field: 20201006105911.0
008 - FIXED-LENGTH DATA ELEMENTS
- fixed length control field: 201006|| aca||aabn | a|a d
040 ## - CATALOGING SOURCE
- Original cataloging agency: OSt
- Transcribing agency: OSt
100 ## - HEADING--PERSONAL NAME
- Personal name: Galinsky, Ellen
670 ## - SOURCE DATA FOUND
- Source citation: Work cat.: (OSt)4610: Galinsky, Ellen, autora, Ser padre ser madre : , 1989.